[Event "65+ World Senior Team Championship"]
[Site "chess24.com"]
[Date "2017.04.29"]
[Round "6"]
[White "Haubt, Georg"]
[Black "Pushkov, Nikolai"]
[Result "1/2-1/2"]
[Board "4"]
[WhiteElo "2179"]
[WhiteTitle "FM"]
[WhiteCountry "GER"]
[WhiteFideId "4604016"]
[WhiteEloChange "4"]
[BlackElo "2335"]
[BlackTitle "GM"]
[BlackCountry "RUS"]
[BlackFideId "4117131"]
[BlackEloChange "-4"]

1. d4 {[%clk 1:30:53]} d5 {[%clk 1:31:15]} 2. Bf4 {[%clk 1:31:06]} Nf6 {[%clk
1:31:24]} 3. e3 {[%clk 1:31:23]} c6 {[%clk 1:31:41]} 4. Nd2 {[%clk 1:30:23]} Bf5
{[%clk 1:31:48]} 5. c4 {[%clk 1:30:04]} e6 {[%clk 1:32:04]} 6. Qb3 {[%clk
1:29:43]} Qb6 {[%clk 1:31:47]} 7. c5 {[%clk 1:28:31]} Qxb3 {[%clk 1:32:12]} 8.
axb3 {[%clk 1:28:57]} Nbd7 {[%clk 1:28:41]} 9. b4 {[%clk 1:26:29]} Nh5 {[%clk
1:26:07]} 10. Bg5 {[%clk 1:20:50]} f6 {[%clk 1:26:02]} 11. Bh4 {[%clk 1:20:18]}
g5 {[%clk 1:26:11]} 12. Be2 {[%clk 1:18:31]} Bg6 {[%clk 1:24:01]} 13. Bxh5 {[%clk
1:15:20]} Bxh5 {[%clk 1:23:30]} 14. Bg3 {[%clk 1:15:40]} Be7 {[%clk 1:19:25]} 15.
Ne2 {[%clk 1:11:05]} Bg6 {[%clk 1:14:56]} 16. Nb3 {[%clk 1:08:55]} b6 {[%clk
1:12:40]} 17. Kd2 {[%clk 1:02:35]} e5 {[%clk 0:59:52]} 18. Ra6 {[%clk 0:59:40]}
h5 {[%clk 0:50:04]} 19. h3 {[%clk 0:57:04]} h4 {[%clk 0:50:25]} 20. Bh2 {[%clk
0:57:33]} Rb8 {[%clk 0:48:01]} 21. Kc3 {[%clk 0:55:56]} Rb7 {[%clk 0:42:19]} 22.
Rha1 {[%clk 0:56:00]} Kf7 {[%clk 0:41:15]} 23. Rxa7 {[%clk 0:54:33]} Rhb8 {[%clk
0:41:18]} 24. Rxb7 {[%clk 0:42:54]} Rxb7 {[%clk 0:41:47]} 25. Ra6 {[%clk
0:40:28]} Bf5 {[%clk 0:40:14]} 26. cxb6 {[%clk 0:35:00]} Rxb6 {[%clk 0:30:45]}
27. Rxb6 {[%clk 0:33:48]} Nxb6 {[%clk 0:31:12]} 28. Na5 {[%clk 0:33:15]} Bd6
{[%clk 0:28:22]} 29. dxe5 {[%clk 0:28:54]} fxe5 {[%clk 0:28:14]} 30. Nxc6 {[%clk
0:28:18]} Kf6 {[%clk 0:25:34]} 31. f4 {[%clk 0:17:19]} d4+ {[%clk 0:21:18]} 32.
exd4 {[%clk 0:16:44]} exf4 {[%clk 0:21:27]} 33. Ne5 {[%clk 0:12:13]} Nd5+ {[%clk
0:19:25]} 34. Kb3 {[%clk 0:08:20]} Bxe5 {[%clk 0:16:58]} 35. dxe5+ {[%clk
0:08:48]} Kxe5 {[%clk 0:17:26]} 36. Bg1 {[%clk 0:08:30]} Be4 {[%clk 0:14:08]} 37.
b5 {[%clk 0:06:54]} Bxg2 {[%clk 0:11:11]} 38. b6 {[%clk 0:06:09]} Ne7 {[%clk
0:05:52]} 39. Nd4 {[%clk 0:04:01]} Nc6 {[%clk 0:34:11]} 40. Kc4 {[%clk 0:32:52]}
Nxd4 {[%clk 0:31:29]} 41. Bxd4+ {[%clk 0:30:15]} Kf5 {[%clk 0:31:56]} 42. Kd3
{[%clk 0:20:36]} Bd5 {[%clk 0:29:40]} 43. Ke2 {[%clk 0:18:18]} g4 {[%clk
0:28:27]} 44. hxg4+ {[%clk 0:18:39]} Kxg4 {[%clk 0:28:55]} 45. Kf2 {[%clk
0:17:47]} h3 {[%clk 0:29:05]} 46. Kg1 {[%clk 0:18:03]} Kg3 {[%clk 0:29:14]} 47.
Bf2+ {[%clk 0:17:51]} Kf3 {[%clk 0:29:33]} 48. Bh4 {[%clk 0:17:27]} Bb7 {[%clk
0:26:57]} 49. Kh2 {[%clk 0:17:21]} Kg4 {[%clk 0:26:47]} 50. Bf2 {[%clk 0:15:53]}
Bd5 {[%clk 0:26:47]} 1/2-1/2

[Event "65+ World Senior Team Championship"]
[Site "chess24.com"]
[Date "2017.04.29"]
[Round "6"]
[White "Sharif, Mehrshad"]
[Black "Uddenfeldt, Dan"]
[Result "1/2-1/2"]
[Board "2"]
[WhiteElo "2385"]
[WhiteTitle "IM"]
[WhiteCountry "FRA"]
[WhiteFideId "600121"]
[WhiteEloChange "-1"]
[BlackElo "2359"]
[BlackCountry "SWE"]
[BlackFideId "1700243"]
[BlackEloChange "1"]

1. Nf3 {[%clk 1:30:41]} Nf6 {[%clk 1:30:35]} 2. g3 {[%clk 1:30:36]} g6 {[%clk
1:30:29]} 3. b3 {[%clk 1:30:58]} Bg7 {[%clk 1:27:42]} 4. Bb2 {[%clk 1:31:03]} d5
{[%clk 1:27:06]} 5. c4 {[%clk 1:31:04]} c6 {[%clk 1:26:56]} 6. Bg2 {[%clk
1:31:11]} O-O {[%clk 1:26:24]} 7. O-O {[%clk 1:31:26]} Nbd7 {[%clk 1:21:36]} 8.
Qc2 {[%clk 1:29:44]} Re8 {[%clk 1:17:02]} 9. Nc3 {[%clk 1:26:04]} b6 {[%clk
1:14:20]} 10. d4 {[%clk 1:17:36]} Bb7 {[%clk 1:09:35]} 11. e4 {[%clk 1:17:03]}
dxe4 {[%clk 1:04:46]} 12. Nxe4 {[%clk 1:17:04]} Nxe4 {[%clk 0:55:22]} 13. Qxe4
{[%clk 1:15:14]} Rb8 {[%clk 0:55:37]} 14. Qc2 {[%clk 1:00:21]} c5 {[%clk
0:54:50]} 15. Rad1 {[%clk 0:58:55]} Bxf3 {[%clk 0:52:22]} 16. Bxf3 {[%clk
0:58:48]} cxd4 {[%clk 0:51:24]} 17. Bxd4 {[%clk 0:58:47]} Bxd4 {[%clk 0:51:24]}
18. Rxd4 {[%clk 0:58:58]} Qc7 {[%clk 0:51:29]} 19. Rfd1 {[%clk 0:57:59]} Nf6
{[%clk 0:50:43]} 20. b4 {[%clk 0:45:13]} Rbc8 {[%clk 0:45:39]} 21. c5 {[%clk
0:44:57]} bxc5 {[%clk 0:37:39]} 22. Rc4 {[%clk 0:44:29]} Nd7 {[%clk 0:37:27]} 23.
Bg2 {[%clk 0:41:40]} e6 {[%clk 0:30:20]} 24. bxc5 {[%clk 0:40:37]} Nb6 {[%clk
0:28:45]} 25. Rc3 {[%clk 0:39:29]} Nd5 {[%clk 0:27:24]} 26. Bxd5 {[%clk 0:35:03]}
exd5 {[%clk 0:27:49]} 27. c6 {[%clk 0:34:45]} Qe5 {[%clk 0:26:45]} 28. Rc5 {[%clk
0:22:40]} Qe4 {[%clk 0:16:34]} 29. Qxe4 {[%clk 0:09:56]} dxe4 {[%clk 0:14:57]}
30. c7 {[%clk 0:10:03]} Kf8 {[%clk 0:15:15]} 31. Kf1 {[%clk 0:09:08]} Re7 {[%clk
0:15:30]} 32. Rd8+ {[%clk 0:09:14]} Re8 {[%clk 0:15:48]} 33. Rd4 {[%clk 0:06:17]}
Re7 {[%clk 0:15:51]} 34. Rd8+ {[%clk 0:06:35]} Re8 {[%clk 0:16:18]} 1/2-1/2

[Event "65+ World Senior Team Championship"]
[Site "chess24.com"]
[Date "2017.04.29"]
[Round "6"]
[White "Stebbings, Anthony J"]
[Black "Birnboim, Nathan"]
[Result "1/2-1/2"]
[Board "1"]
[WhiteElo "2294"]
[WhiteTitle "FM"]
[WhiteCountry "ENG"]
[WhiteFideId "402427"]
[WhiteEloChange "2"]
[BlackElo "2355"]
[BlackTitle "IM"]
[BlackCountry "ISR"]
[BlackFideId "2800209"]
[BlackEloChange "-2"]

1. d4 {[%clk 1:30:57]} Nf6 {[%clk 1:30:51]} 2. c4 {[%clk 1:31:21]} c5 {[%clk
1:31:17]} 3. Nf3 {[%clk 1:31:39]} cxd4 {[%clk 1:31:26]} 4. Nxd4 {[%clk 1:32:05]}
e5 {[%clk 1:31:47]} 5. Nb5 {[%clk 1:32:24]} d5 {[%clk 1:31:55]} 6. cxd5 {[%clk
1:32:42]} a6 {[%clk 1:32:03]} 7. N5c3 {[%clk 1:32:16]} Bc5 {[%clk 1:31:48]} 8. e3
{[%clk 1:27:04]} b5 {[%clk 1:30:43]} 9. a3 {[%clk 1:24:15]} Bb7 {[%clk 1:26:43]}
10. b4 {[%clk 1:23:39]} Ba7 {[%clk 1:26:49]} 11. Bb2 {[%clk 1:23:33]} O-O {[%clk
1:26:01]} 12. Be2 {[%clk 1:23:06]} Re8 {[%clk 1:24:54]} 13. O-O {[%clk 1:08:24]}
Nbd7 {[%clk 1:18:48]} 14. e4 {[%clk 1:01:00]} Bd4 {[%clk 1:18:47]} 15. Qd3 {[%clk
0:55:29]} Nb6 {[%clk 1:13:05]} 16. Nd2 {[%clk 0:55:45]} Rc8 {[%clk 1:12:11]} 17.
Rfc1 {[%clk 0:52:55]} Nc4 {[%clk 1:07:42]} 18. Nxc4 {[%clk 0:53:12]} Rxc4 {[%clk
1:07:44]} 19. Qf3 {[%clk 0:48:04]} Bxc3 {[%clk 1:07:20]} 20. Rxc3 {[%clk
0:43:35]} Rxe4 {[%clk 1:07:23]} 21. Rd1 {[%clk 0:40:54]} Rf4 {[%clk 0:52:17]} 22.
Qe3 {[%clk 0:31:04]} Rd4 {[%clk 0:52:13]} 23. Rcd3 {[%clk 0:22:35]} Rxd5 {[%clk
0:26:38]} 24. Bxe5 {[%clk 0:18:42]} Qa8 {[%clk 0:25:59]} 25. f4 {[%clk 0:16:37]}
Rxd3 {[%clk 0:20:43]} 26. Qxd3 {[%clk 0:16:45]} Ne4 {[%clk 0:14:14]} 27. Bf3
{[%clk 0:12:45]} f6 {[%clk 0:13:55]} 28. Bb2 {[%clk 0:12:46]} Qa7+ {[%clk
0:11:08]} 29. Qd4 {[%clk 0:12:49]} Qb8 {[%clk 0:11:20]} 30. g3 {[%clk 0:12:14]}
Qc7 {[%clk 0:10:41]} 31. Qd7 {[%clk 0:09:01]} Re7 {[%clk 0:11:06]} 32. Qxc7
{[%clk 0:09:17]} Rxc7 {[%clk 0:11:34]} 33. Re1 {[%clk 0:07:14]} Nd2 {[%clk
0:10:50]} 34. Bxb7 {[%clk 0:07:20]} Rxb7 {[%clk 0:11:19]} 35. Ra1 {[%clk
0:04:08]} Nc4 {[%clk 0:11:30]} 36. Bd4 {[%clk 0:04:37]} Rd7 {[%clk 0:05:40]} 37.
Bf2 {[%clk 0:04:54]} Nb2 {[%clk 0:05:24]} 38. Ra2 {[%clk 0:03:07]} Nc4 {[%clk
0:03:52]} 39. a4 {[%clk 0:03:14]} h5 {[%clk 0:04:13]} 40. axb5 {[%clk 0:33:33]}
axb5 {[%clk 0:34:42]} 41. Ra8+ {[%clk 0:33:13]} Kh7 {[%clk 0:34:41]} 42. Rb8
{[%clk 0:32:03]} Na3 {[%clk 0:34:00]} 43. Ra8 {[%clk 0:29:31]} Nc4 {[%clk
0:32:37]} 44. Rb8 {[%clk 0:29:53]} Na3 {[%clk 0:32:38]} 45. Ra8 {[%clk 0:24:51]}
Nc4 {[%clk 0:31:51]} 1/2-1/2

[Event "65+ World Senior Team Championship"]
[Site "chess24.com"]
[Date "2017.04.29"]
[Round "6"]
[White "Berkovich, Mark A"]
[Black "Stokes, Michael"]
[Result "1-0"]
[Board "2"]
[WhiteElo "2345"]
[WhiteTitle "IM"]
[WhiteCountry "ISR"]
[WhiteFideId "2801639"]
[WhiteEloChange "7"]
[BlackElo "2223"]
[BlackCountry "ENG"]
[BlackFideId "442542"]
[BlackEloChange "-7"]

1. c4 {[%clk 1:30:53]} c5 {[%clk 1:30:54]} 2. Nc3 {[%clk 1:30:34]} Nc6 {[%clk
1:31:16]} 3. Nf3 {[%clk 1:29:38]} Nf6 {[%clk 1:31:39]} 4. g3 {[%clk 1:29:54]} d5
{[%clk 1:31:56]} 5. cxd5 {[%clk 1:30:19]} Nxd5 {[%clk 1:32:20]} 6. Bg2 {[%clk
1:30:44]} Nc7 {[%clk 1:32:44]} 7. O-O {[%clk 1:31:07]} e5 {[%clk 1:33:06]} 8. d3
{[%clk 1:31:24]} f6 {[%clk 1:31:42]} 9. Nd2 {[%clk 1:27:00]} Be7 {[%clk 1:26:32]}
10. Nc4 {[%clk 1:24:53]} O-O {[%clk 1:23:53]} 11. Bxc6 {[%clk 1:16:02]} bxc6
{[%clk 1:24:17]} 12. Be3 {[%clk 1:11:52]} Bh3 {[%clk 1:19:09]} 13. Re1 {[%clk
1:12:00]} Ne6 {[%clk 1:18:39]} 14. Rc1 {[%clk 1:06:57]} Qe8 {[%clk 1:08:39]} 15.
Qa4 {[%clk 1:00:15]} Nd4 {[%clk 0:59:38]} 16. f3 {[%clk 0:58:19]} h5 {[%clk
0:49:20]} 17. Ne4 {[%clk 0:51:28]} Be6 {[%clk 0:45:06]} 18. Na5 {[%clk 0:44:07]}
Bd5 {[%clk 0:40:01]} 19. Nxc5 {[%clk 0:41:32]} h4 {[%clk 0:34:59]} 20. Bxd4
{[%clk 0:39:44]} exd4 {[%clk 0:35:20]} 21. Qxd4 {[%clk 0:40:03]} hxg3 {[%clk
0:35:08]} 22. hxg3 {[%clk 0:40:32]} Qg6 {[%clk 0:31:48]} 23. Qg4 {[%clk 0:34:34]}
Qxg4 {[%clk 0:32:09]} 24. fxg4 {[%clk 0:34:58]} Bd8 {[%clk 0:28:58]} 25. Nc4
{[%clk 0:29:31]} Bc7 {[%clk 0:26:39]} 26. e4 {[%clk 0:29:13]} Bf7 {[%clk
0:23:56]} 27. Kg2 {[%clk 0:29:11]} Rfd8 {[%clk 0:23:34]} 28. Red1 {[%clk
0:26:17]} Bb6 {[%clk 0:21:38]} 29. Na4 {[%clk 0:24:11]} c5 {[%clk 0:19:29]} 30.
b3 {[%clk 0:19:39]} Rd4 {[%clk 0:18:12]} 31. Ncb2 {[%clk 0:19:05]} Rc8 {[%clk
0:17:06]} 32. Kf3 {[%clk 0:18:13]} Be6 {[%clk 0:16:35]} 33. Nc4 {[%clk 0:15:51]}
Rcd8 {[%clk 0:14:57]} 34. Ncb2 {[%clk 0:15:19]} Rc8 {[%clk 0:14:48]} 35. Rc3
{[%clk 0:14:34]} Rd6 {[%clk 0:12:22]} 36. Rdc1 {[%clk 0:12:41]} Rdc6 {[%clk
0:12:30]} 37. d4 {[%clk 0:10:01]} R6c7 {[%clk 0:12:35]} 38. d5 {[%clk 0:06:40]}
Bd7 {[%clk 0:12:08]} 39. Nc4 {[%clk 0:07:04]} Bxa4 {[%clk 0:11:11]} 40. bxa4
{[%clk 0:37:32]} Rd7 {[%clk 0:40:28]} 41. Nxb6 {[%clk 0:36:35]} axb6 {[%clk
0:40:49]} 42. a5 {[%clk 0:37:04]} Rb7 {[%clk 0:35:29]} 43. axb6 {[%clk 0:37:13]}
Ra8 {[%clk 0:35:49]} 44. Rxc5 {[%clk 0:36:03]} Rxa2 {[%clk 0:36:04]} 45. Rb5
{[%clk 0:28:25]} Ra6 {[%clk 0:36:15]} 46. Rcb1 {[%clk 0:28:16]} Kf7 {[%clk
0:35:13]} 47. g5 {[%clk 0:28:38]} Ra3+ {[%clk 0:29:07]} 48. R1b3 {[%clk 0:28:49]}
Ra6 {[%clk 0:28:27]} 49. Kf4 {[%clk 0:29:00]} Kg6 {[%clk 0:28:07]} 50. gxf6
{[%clk 0:29:08]} gxf6 {[%clk 0:28:05]} 51. e5 {[%clk 0:27:49]} f5 {[%clk
0:24:43]} 52. g4 {[%clk 0:26:54]} fxg4 {[%clk 0:24:45]} 53. Kxg4 {[%clk 0:27:16]}
Ra4+ {[%clk 0:24:42]} 54. R3b4 {[%clk 0:27:06]} Ra1 {[%clk 0:24:57]} 55. Rf4
{[%clk 0:25:45]} Rg1+ {[%clk 0:21:43]} 56. Kf3 {[%clk 0:25:26]} Kg5 {[%clk
0:20:16]} 57. Rbb4 {[%clk 0:15:54]} Rf1+ {[%clk 0:20:03]} 58. Kg3 {[%clk
0:16:12]} Rd1 {[%clk 0:14:55]} 59. d6 {[%clk 0:15:08]} Rh7 {[%clk 0:14:45]} 60.
b7 {[%clk 0:12:45]} Rdh1 {[%clk 0:06:27]} 61. Rh4 {[%clk 0:11:11]} R1xh4 {[%clk
0:06:42]} 62. Rxh4 {[%clk 0:11:32]} Rxb7 {[%clk 0:07:08]} 63. Rf4 {[%clk
0:11:52]} Rd7 {[%clk 0:05:50]} 64. Rf8 {[%clk 0:11:16]} 1-0

[Event "65+ World Senior Team Championship"]
[Site "chess24.com"]
[Date "2017.04.29"]
[Round "6"]
[White "Quinn, John M"]
[Black "Lederman, Leon"]
[Result "1-0"]
[Board "3"]
[WhiteElo "2176"]
[WhiteCountry "ENG"]
[WhiteFideId "405043"]
[WhiteEloChange "13"]
[BlackElo "2276"]
[BlackTitle "IM"]
[BlackCountry "ISR"]
[BlackFideId "2800403"]
[BlackEloChange "-13"]

1. d4 {[%clk 1:30:58]} Nf6 {[%clk 1:30:15]} 2. c4 {[%clk 1:31:22]} e6 {[%clk
1:30:18]} 3. Nc3 {[%clk 1:31:41]} d5 {[%clk 1:30:34]} 4. cxd5 {[%clk 1:30:50]}
exd5 {[%clk 1:30:59]} 5. Bg5 {[%clk 1:31:15]} Nbd7 {[%clk 1:31:05]} 6. e3 {[%clk
1:31:15]} Be7 {[%clk 1:31:22]} 7. Qc2 {[%clk 1:31:15]} c6 {[%clk 1:31:43]} 8. Bd3
{[%clk 1:31:00]} O-O {[%clk 1:31:53]} 9. Nge2 {[%clk 1:30:21]} Re8 {[%clk
1:31:53]} 10. O-O {[%clk 1:25:04]} Nf8 {[%clk 1:31:21]} 11. f3 {[%clk 1:24:59]}
h6 {[%clk 1:31:16]} 12. Bh4 {[%clk 1:24:59]} Ne6 {[%clk 1:26:05]} 13. Rad1 {[%clk
1:20:27]} Bd7 {[%clk 1:13:02]} 14. h3 {[%clk 1:12:55]} Qb6 {[%clk 1:13:02]} 15.
Kh1 {[%clk 0:59:34]} Rad8 {[%clk 1:03:12]} 16. a3 {[%clk 0:46:14]} a5 {[%clk
1:00:23]} 17. Qc1 {[%clk 0:46:14]} Qa7 {[%clk 0:52:14]} 18. Bb1 {[%clk 0:24:07]}
b5 {[%clk 0:52:14]} 19. e4 {[%clk 0:18:11]} b4 {[%clk 0:43:33]} 20. Na4 {[%clk
0:18:11]} c5 {[%clk 0:43:33]} 21. Nxc5 {[%clk 0:17:36]} Nxc5 {[%clk 0:34:48]} 22.
Bxf6 {[%clk 0:16:33]} Bxf6 {[%clk 0:34:16]} 23. dxc5 {[%clk 0:16:33]} Bb5 {[%clk
0:33:55]} 24. Ng3 {[%clk 0:15:16]} Bxf1 {[%clk 0:34:06]} 25. Rxf1 {[%clk
0:14:57]} d4 {[%clk 0:32:49]} 26. Nf5 {[%clk 0:14:42]} Re5 {[%clk 0:31:56]} 27.
Qf4 {[%clk 0:08:39]} Qa6 {[%clk 0:30:25]} 28. Kg1 {[%clk 0:08:13]} d3 {[%clk
0:24:17]} 29. Rd1 {[%clk 0:06:05]} Rxc5 {[%clk 0:21:54]} 30. axb4 {[%clk
0:01:08]} axb4 {[%clk 0:22:17]} 31. Qg4 {[%clk 0:00:57]} d2 {[%clk 0:15:38]} 32.
f4 {[%clk 0:01:23]} Rc1 {[%clk 0:11:59]} 33. e5 {[%clk 0:01:40]} Rxd1+ {[%clk
0:12:22]} 34. Qxd1 {[%clk 0:02:06]} Qa7+ {[%clk 0:12:44]} 35. Kh2 {[%clk
0:02:15]} Be7 {[%clk 0:13:11]} 36. Bc2 {[%clk 0:00:56]} Bf8 {[%clk 0:12:40]} 37.
Qg4 {[%clk 0:01:03]} Qd7 {[%clk 0:03:40]} 38. Nxh6+ {[%clk 0:01:04]} Kh8 {[%clk
0:04:08]} 39. Nxf7+ {[%clk 0:01:12]} Kg8 {[%clk 0:04:13]} 40. Nh6+ {[%clk
0:31:27]} Kh8 {[%clk 0:34:41]} 41. Nf7+ {[%clk 0:30:11]} Kg8 {[%clk 0:35:01]} 42.
Nxd8 {[%clk 0:30:20]} Qxd8 {[%clk 0:35:09]} 43. Bb3+ {[%clk 0:30:43]} 1-0

[Event "65+ World Senior Team Championship"]
[Site "chess24.com"]
[Date "2017.04.29"]
[Round "6"]
[White "Malisov, Boris"]
[Black "Reuben, Stewart"]
[Result "1/2-1/2"]
[Board "4"]
[WhiteElo "2283"]
[WhiteCountry "ISR"]
[WhiteFideId "2802503"]
[WhiteEloChange "-5"]
[BlackElo "2077"]
[BlackTitle "CM"]
[BlackCountry "ENG"]
[BlackFideId "405256"]
[BlackEloChange "5"]

1. e4 {[%clk 1:29:29]} c5 {[%clk 1:30:49]} 2. Nc3 {[%clk 1:29:50]} g6 {[%clk
1:31:02]} 3. f4 {[%clk 1:30:09]} Bg7 {[%clk 1:31:24]} 4. Nf3 {[%clk 1:30:34]} Nc6
{[%clk 1:31:41]} 5. Bb5 {[%clk 1:30:56]} Nd4 {[%clk 1:32:00]} 6. a4 {[%clk
1:31:18]} Nxb5 {[%clk 1:32:05]} 7. axb5 {[%clk 1:30:40]} d6 {[%clk 1:32:21]} 8.
O-O {[%clk 1:30:47]} Nf6 {[%clk 1:32:20]} 9. d3 {[%clk 1:30:52]} O-O {[%clk
1:29:11]} 10. Qe1 {[%clk 1:30:28]} e6 {[%clk 1:27:34]} 11. Qh4 {[%clk 1:26:49]}
Nd7 {[%clk 1:14:44]} 12. Qh3 {[%clk 1:25:05]} b6 {[%clk 1:09:19]} 13. Bd2 {[%clk
1:21:14]} a5 {[%clk 1:08:29]} 14. bxa6 {[%clk 1:20:37]} Bxa6 {[%clk 1:07:11]} 15.
f5 {[%clk 1:18:19]} exf5 {[%clk 1:02:54]} 16. exf5 {[%clk 1:14:15]} Ne5 {[%clk
1:00:18]} 17. Ng5 {[%clk 1:08:16]} h6 {[%clk 0:51:57]} 18. Nge4 {[%clk 0:35:55]}
d5 {[%clk 0:40:53]} 19. Bxh6 {[%clk 0:35:43]} Bxh6 {[%clk 0:34:31]} 20. Qxh6
{[%clk 0:33:28]} Ng4 {[%clk 0:31:00]} 21. Qf4 {[%clk 0:26:20]} dxe4 {[%clk
0:24:17]} 22. Qxg4 {[%clk 0:26:30]} Qd4+ {[%clk 0:22:41]} 23. Kh1 {[%clk
0:26:18]} exd3 {[%clk 0:21:59]} 24. Rf4 {[%clk 0:25:49]} Qg7 {[%clk 0:20:03]} 25.
Nd5 {[%clk 0:19:42]} g5 {[%clk 0:03:56]} 26. Ne7+ {[%clk 0:15:35]} Kh7 {[%clk
0:04:09]} 27. f6 {[%clk 0:15:48]} Qh6 {[%clk 0:04:14]} 28. Rf3 {[%clk 0:15:39]}
Bb7 {[%clk 0:04:12]} 29. Qf5+ {[%clk 0:14:01]} Kh8 {[%clk 0:04:14]} 30. Rxa8
{[%clk 0:05:39]} Rxa8 {[%clk 0:04:42]} 31. Rf1 {[%clk 0:05:49]} dxc2 {[%clk
0:04:27]} 32. Kg1 {[%clk 0:05:30]} g4 {[%clk 0:02:52]} 33. Qxc2 {[%clk 0:02:43]}
Qe3+ {[%clk 0:03:21]} 34. Qf2 {[%clk 0:02:39]} Qxf2+ {[%clk 0:03:49]} 35. Kxf2
{[%clk 0:03:02]} Ra2 {[%clk 0:04:06]} 36. Rd1 {[%clk 0:01:31]} Rxb2+ {[%clk
0:04:34]} 37. Kg3 {[%clk 0:01:41]} Rxg2+ {[%clk 0:05:00]} 38. Kf4 {[%clk
0:02:09]} Kh7 {[%clk 0:02:44]} 39. Rd8 {[%clk 0:03:04]} Rxh2 {[%clk 0:02:56]} 40.
Rf8 {[%clk 0:33:30]} g3 {[%clk 0:32:35]} 41. Kxg3 {[%clk 0:33:52]} Rg2+ {[%clk
0:31:57]} 42. Kf4 {[%clk 0:33:52]} Rf2+ {[%clk 0:30:00]} 43. Kg5 {[%clk 0:34:26]}
Rg2+ {[%clk 0:29:43]} 44. Kh4 {[%clk 0:32:45]} Rh2+ {[%clk 0:18:06]} 45. Kg3
{[%clk 0:28:18]} Rg2+ {[%clk 0:18:22]} 46. Kh3 {[%clk 0:28:18]} Kh6 {[%clk
0:18:22]} 47. Kh4 {[%clk 0:28:18]} Rh2+ {[%clk 0:18:22]} 48. Kg4 {[%clk 0:28:18]}
Rg2+ {[%clk 0:18:22]} 49. Kh4 {[%clk 0:00:00]} Rh2+ {[%clk 0:18:22]} 50. Kg4
{[%clk 0:00:00]} Rg2+ {[%clk 0:18:22]} 1/2-1/2

[Event "65+ World Senior Team Championship"]
[Site "chess24.com"]
[Date "2017.04.29"]
[Round "6"]
[White "Watzka, Horst"]
[Black "Nordstrom, Felix"]
[Result "1/2-1/2"]
[Board "1"]
[WhiteElo "2165"]
[WhiteTitle "FM"]
[WhiteCountry "AUT"]
[WhiteFideId "1600311"]
[WhiteEloChange "-1"]
[BlackElo "2139"]
[BlackTitle "FM"]
[BlackCountry "SWE"]
[BlackFideId "1701509"]
[BlackEloChange "1"]

1. e4 {[%clk 1:30:55]} c5 {[%clk 1:30:53]} 2. Nf3 {[%clk 1:31:19]} d6 {[%clk
1:31:11]} 3. Bb5+ {[%clk 1:30:05]} Bd7 {[%clk 1:31:31]} 4. c4 {[%clk 1:28:30]}
Nf6 {[%clk 1:30:54]} 5. Nc3 {[%clk 1:25:05]} Bxb5 {[%clk 1:30:18]} 6. cxb5 {[%clk
1:25:22]} g6 {[%clk 1:28:40]} 7. d4 {[%clk 1:23:07]} cxd4 {[%clk 1:27:38]} 8.
Nxd4 {[%clk 1:23:27]} Bg7 {[%clk 1:27:27]} 9. O-O {[%clk 1:20:46]} O-O {[%clk
1:26:41]} 10. b3 {[%clk 1:13:14]} Nbd7 {[%clk 1:24:41]} 11. Bb2 {[%clk 1:13:05]}
d5 {[%clk 1:15:39]} 12. exd5 {[%clk 1:05:03]} Nb6 {[%clk 1:15:45]} 13. Qe2 {[%clk
0:54:41]} Qd7 {[%clk 1:03:42]} 14. Rad1 {[%clk 0:54:12]} Nfxd5 {[%clk 0:59:08]}
15. Nxd5 {[%clk 0:54:21]} Nxd5 {[%clk 0:58:48]} 16. a4 {[%clk 0:45:12]} e6 {[%clk
0:57:36]} 17. g3 {[%clk 0:45:08]} Rfd8 {[%clk 0:55:12]} 18. Nf3 {[%clk 0:44:26]}
Qe7 {[%clk 0:54:16]} 19. Rd3 {[%clk 0:39:21]} Bxb2 {[%clk 0:51:28]} 20. Qxb2
{[%clk 0:39:33]} Qf6 {[%clk 0:44:41]} 1/2-1/2

[Event "65+ World Senior Team Championship"]
[Site "chess24.com"]
[Date "2017.04.29"]
[Round "6"]
[White "Carlsson, Ingvar"]
[Black "Nickl, Klaus"]
[Result "1/2-1/2"]
[Board "2"]
[WhiteElo "2130"]
[WhiteCountry "SWE"]
[WhiteFideId "1702670"]
[WhiteEloChange "-2"]
[BlackElo "2045"]
[BlackCountry "AUT"]
[BlackFideId "1601024"]
[BlackEloChange "2"]

1. e4 {[%clk 1:30:55]} e6 {[%clk 1:30:50]} 2. d3 {[%clk 1:30:54]} d5 {[%clk
1:31:10]} 3. Nd2 {[%clk 1:31:12]} Nc6 {[%clk 1:30:42]} 4. Ngf3 {[%clk 1:30:03]}
Nf6 {[%clk 1:30:55]} 5. c3 {[%clk 1:24:39]} a5 {[%clk 1:26:32]} 6. Be2 {[%clk
1:23:34]} dxe4 {[%clk 1:25:23]} 7. dxe4 {[%clk 1:23:55]} Bc5 {[%clk 1:24:13]} 8.
O-O {[%clk 1:24:13]} O-O {[%clk 1:20:27]} 9. Qc2 {[%clk 1:23:43]} e5 {[%clk
1:14:57]} 10. Nc4 {[%clk 1:19:49]} Qe7 {[%clk 1:14:47]} 11. Bg5 {[%clk 1:14:29]}
b6 {[%clk 1:05:22]} 12. Ne3 {[%clk 1:13:37]} Bxe3 {[%clk 1:05:42]} 13. Bxe3
{[%clk 1:13:50]} Bb7 {[%clk 0:57:00]} 14. Rfd1 {[%clk 0:57:59]} Rad8 {[%clk
0:55:37]} 15. Ne1 {[%clk 0:56:06]} Rxd1 {[%clk 0:54:25]} 16. Rxd1 {[%clk
0:56:31]} Rd8 {[%clk 0:54:46]} 17. f3 {[%clk 0:56:46]} Rxd1 {[%clk 0:47:38]}
1/2-1/2

[Event "65+ World Senior Team Championship"]
[Site "chess24.com"]
[Date "2017.04.29"]
[Round "6"]
[White "Giulian, Philip M"]
[Black "Singer, Hans"]
[Result "1/2-1/2"]
[Board "1"]
[WhiteElo "2123"]
[WhiteTitle "FM"]
[WhiteCountry "SCO"]
[WhiteFideId "2400197"]
[WhiteEloChange "3"]
[BlackElo "2213"]
[BlackTitle "FM"]
[BlackCountry "AUT"]
[BlackFideId "1600800"]
[BlackEloChange "-3"]

1. d4 {[%clk 1:30:57]} d5 {[%clk 1:30:54]} 2. c4 {[%clk 1:31:21]} e6 {[%clk
1:31:15]} 3. Nc3 {[%clk 1:31:44]} Nf6 {[%clk 1:31:42]} 4. Bf4 {[%clk 1:32:01]}
dxc4 {[%clk 1:28:48]} 5. e3 {[%clk 1:32:15]} Nd5 {[%clk 1:28:20]} 6. Bxc4 {[%clk
1:31:43]} Nxf4 {[%clk 1:28:43]} 7. exf4 {[%clk 1:32:08]} Be7 {[%clk 1:25:21]} 8.
Nf3 {[%clk 1:31:59]} O-O {[%clk 1:24:45]} 9. O-O {[%clk 1:31:56]} Nd7 {[%clk
1:21:48]} 10. Qe2 {[%clk 1:31:16]} Nb6 {[%clk 1:21:40]} 11. Bb3 {[%clk 1:29:48]}
c6 {[%clk 1:18:40]} 12. Rfd1 {[%clk 1:26:38]} Re8 {[%clk 1:16:21]} 13. Rac1
{[%clk 1:24:49]} Bf8 {[%clk 1:15:56]} 14. g3 {[%clk 1:24:04]} Nd5 {[%clk
1:14:41]} 15. Ne5 {[%clk 1:19:08]} f6 {[%clk 1:02:25]} 16. Nf3 {[%clk 1:19:20]}
Bd7 {[%clk 0:59:37]} 17. Ne4 {[%clk 1:18:34]} Rc8 {[%clk 0:55:47]} 18. Nc5 {[%clk
1:12:25]} Rc7 {[%clk 0:55:14]} 19. Nxd7 {[%clk 1:08:56]} Rxd7 {[%clk 0:55:23]}
20. a3 {[%clk 1:09:08]} Bd6 {[%clk 0:51:42]} 21. h4 {[%clk 1:06:52]} Qe7 {[%clk
0:42:42]} 22. Re1 {[%clk 1:06:10]} Rdd8 {[%clk 0:40:43]} 23. Rcd1 {[%clk
0:48:05]} Qf7 {[%clk 0:39:32]} 24. Bc2 {[%clk 0:44:51]} Qh5 {[%clk 0:36:40]} 25.
Nh2 {[%clk 0:39:12]} Qxe2 {[%clk 0:31:30]} 26. Rxe2 {[%clk 0:38:49]} Re7 {[%clk
0:30:19]} 27. Nf3 {[%clk 0:38:40]} Ree8 {[%clk 0:30:19]} 28. Nh2 {[%clk 0:38:40]}
1/2-1/2